[Event "Asia-ch Blitz U20 Girls"]
[Site "Jamshedpur"]
[Date "2023.09.15"]
[Round "3"]
[White "Koul, Nihira"]
[Black "Vakcheri, Mohitha"]
[Result "1/2-1/2"]
[WhiteElo "1309"]
[BlackElo "1518"]
[PlyCount "132"]
[EventDate "2023.09.15"]
[EventType "swiss (blitz)"]
[EventRounds "9"]
[EventCountry "IND"]
[SourceTitle "EXT 2024"]
[Source "ChessBase"]
[SourceDate "2023.10.10"]
[SourceVersion "1"]
[SourceVersionDate "2023.10.10"]
[SourceQuality "1"]

1. Nf3 d6 2. g3 e6 3. Bg2 Ne7 4. 0-0 g6 5. c3 Bg7 6. d4 0-0 7. e4 Nd7 8. Be3 f5 9. Nbd2 Rb8 10. Bg5 h6 11. Bxe7 Qxe7 12. Re1 Qf7 13. Nb3 b6 14. a4 fxe4 15. Rxe4 Bb7 16. Re3 Nf6 17. h3 Nd5 18. Re1 Ne7 19. Nbd2 Nf5 20. Ne4 d5 21. Ned2 Nd6 22. Qe2 Rbe8 23. a5 c5 24. axb6 axb6 25. Rf1 cxd4 26. cxd4 Nf5 27. Nb3 Bc6 28. Ne5 Bxe5 29. dxe5 Rc8 30. Rfc1 Qd7 31. Qd2 Ba4 32. Nd4 Rxc1+ 33. Rxc1 Nxd4 34. Qxd4 b5 35. h4 Qf7 36. Rc3 Qf5 37. Rf3 Qb1+ 38. Kh2 Rxf3 39. Bxf3 Qf5 40. Bg2 Qc2 41. Qg4 Qf5 42. Qxf5 gxf5 43. Bf1 d4 44. Bd3 Kf7 45. Kg2 Ke7 46. Kf3 h5 47. Kf4 Kd7 48. Kg5 Bd1 49. Bxb5+ Kc7 50. Bc4 Kd7 51. b4 Bf3 52. Bb5+ Kc7 53. Be8 d3 54. Ba4 d2 55. Kf6 d1Q 56. Bxd1 Bxd1 57. Kxe6 Bc2 58. Kf6 Kd7 59. e6+ Ke8 60. Kg5 Ke7 61. Kxh5 Kxe6 62. g4 fxg4 63. Kxg4 Kf6 64. f4 Be4 65. b5 Kg6 66. h5+ Kf6 1/2-1/2

[Event "Asia-ch Blitz U20 Girls"]
[Site "Jamshedpur"]
[Date "2023.09.15"]
[Round "8"]
[White "Patil, Disha"]
[Black "Koul, Nihira"]
[Result "1/2-1/2"]
[WhiteElo "1617"]
[BlackElo "1309"]
[PlyCount "43"]
[EventDate "2023.09.15"]
[EventType "swiss (blitz)"]
[EventRounds "9"]
[EventCountry "IND"]
[SourceTitle "EXT 2024"]
[Source "ChessBase"]
[SourceDate "2023.10.10"]
[SourceVersion "1"]
[SourceVersionDate "2023.10.10"]
[SourceQuality "1"]

1. e4 e6 2. d4 d5 3. e5 c5 4. c3 Qb6 5. Nf3 Bd7 6. a3 a5 7. Bd3 Bb5 8. Bxb5+ Qxb5 9. Qe2 Qxe2+ 10. Kxe2 Nc6 11. Be3 c4 12. Nbd2 Nge7 13. b4 Nf5 14. b5 Na7 15. a4 Nc8 16. g4 Nxe3 17. Kxe3 Be7 18. Ne1 Nb6 19. f4 h5 20. g5 g6 21. h4 Kd7 22. Nc2 1/2-1/2

[Event "Asia-ch U20 Girls"]
[Site "Jamshedpur"]
[Date "2023.09.14"]
[Round "8"]
[White "Koul, Nihira"]
[Black "Saparya, Ghosh"]
[Result "0-1"]
[WhiteElo "1448"]
[BlackElo "1668"]
[PlyCount "74"]
[EventDate "2023.09.09"]
[EventType "swiss"]
[EventRounds "9"]
[EventCountry "IND"]
[SourceTitle "EXT 2024"]
[Source "ChessBase"]
[SourceDate "2023.10.10"]
[SourceVersion "1"]
[SourceVersionDate "2023.10.10"]
[SourceQuality "1"]

1. c4 e6 2. Nc3 d5 3. e3 Nf6 4. Nf3 Be7 5. d4 0-0 6. Be2 c6 7. 0-0 dxc4 8. Bxc4 b5 9. Bd3 Nbd7 10. e4 b4 11. Ne2 Re8 12. Qc2 g6 13. e5 Nd5 14. Nf4 Nxf4 15. Bxf4 Bb7 16. Qe2 a5 17. Rfd1 a4 18. Nd2 Nb6 19. Nc4 Nxc4 20. Bxc4 Qb6 21. Be3 c5 22. Rac1 Rec8 23. d5 exd5 24. Bxd5 Bxd5 25. Rxd5 Qe6 26. Qc4 Rd8 27. Rcd1 Kg7 28. Qe4 Rxd5 29. Qxd5 Rd8 30. Qf3 Rxd1+ 31. Qxd1 Qxa2 32. Qc1 a3 33. bxa3 b3 34. e6 f6 35. Bh6+ Kg8 36. Qf4 Qa1+ 37. Qc1 b2 0-1

[Event "Asia-ch U20 Girls"]
[Site "Jamshedpur"]
[Date "2023.09.11"]
[Round "4"]
[White "Harshini, A1111"]
[Black "Koul, Nihira"]
[Result "0-1"]
[WhiteElo "1363"]
[BlackElo "1448"]
[PlyCount "100"]
[EventDate "2023.09.09"]
[EventType "swiss"]
[EventRounds "9"]
[EventCountry "IND"]
[SourceTitle "EXT 2024"]
[Source "ChessBase"]
[SourceDate "2023.10.10"]
[SourceVersion "1"]
[SourceVersionDate "2023.10.10"]
[SourceQuality "1"]

1. e4 e6 2. d4 d5 3. Nc3 dxe4 4. Nxe4 Nd7 5. Nf3 Ngf6 6. Bd3 Be7 7. Nxf6+ Nxf6 8. Qe2 0-0 9. Bg5 Nd5 10. Bd2 c5 11. dxc5 Bxc5 12. 0-0-0 Qc7 13. Ne5 Bd6 14. Nc4 Bf4 15. Ne3 Bd7 16. Nxd5 exd5 17. Bxf4 Qd6 18. Be5 Qxe5 19. Qd2 Qf6 20. Rhe1 Rfe8 21. Kb1 Bc6 22. Rxe8+ Rxe8 23. Re1 Re5 24. g3 Qe7 25. Rxe5 Qxe5 26. Kc1 h6 27. Qe2 Qf6 28. Qg4 g6 29. f4 h5 30. Qe2 Qd4 31. c3 Qg1+ 32. Kd2 Qa1 33. Qe5 Qxb2+ 34. Bc2 Ba4 35. Qb8+ Kh7 36. Qc7 Qxc2+ 37. Ke3 Qe4+ 38. Kf2 Kg7 39. Qxb7 Qc2+ 40. Kg1 Qxc3 41. Qxa7 Bc6 42. Qf2 d4 43. h4 Qc1+ 44. Qf1 Qe3+ 45. Kh2 Qf3 46. Qg1 Qe2+ 47. Kh3 Bd7+ 48. g4 Bxg4+ 49. Kg3 Qf3+ 50. Kh2 Qh3# 0-1

[Event "Asia-ch U20 Girls"]
[Site "Jamshedpur"]
[Date "2023.09.10"]
[Round "3"]
[White "Koul, Nihira"]
[Black "Divya"]
[Result "1/2-1/2"]
[WhiteElo "1448"]
[BlackElo "1215"]
[PlyCount "60"]
[EventDate "2023.09.09"]
[EventType "swiss"]
[EventRounds "9"]
[EventCountry "IND"]
[SourceTitle "EXT 2024"]
[Source "ChessBase"]
[SourceDate "2023.10.10"]
[SourceVersion "1"]
[SourceVersionDate "2023.10.10"]
[SourceQuality "1"]

1. Nf3 Nf6 2. b3 d5 3. Bb2 Bf5 4. g3 c5 5. Bg2 Nc6 6. 0-0 e6 7. d3 Bd6 8. Nbd2 0-0 9. Re1 Bg4 10. h3 Bh5 11. e4 dxe4 12. dxe4 Bc7 13. Qe2 Qe7 14. a4 b6 15. Nc4 e5 16. c3 Rad8 17. Rad1 Rxd1 18. Rxd1 Rd8 19. Ne3 Rxd1+ 20. Qxd1 Qd8 21. Qxd8+ Bxd8 22. Nc4 Nd7 23. Ba3 f6 24. b4 Be7 25. b5 Nd8 26. g4 Bf7 27. Nfd2 Nb7 28. Bf1 Bd6 29. Be2 Bc7 30. Ne3 Nd6 1/2-1/2

[Event "Asia-ch Rapid U20 Girls"]
[Site "Jamshedpur"]
[Date "2023.09.08"]
[Round "8"]
[White "Aanya, Chawat"]
[Black "Koul, Nihira"]
[Result "1/2-1/2"]
[WhiteElo "1265"]
[BlackElo "1398"]
[PlyCount "117"]
[EventDate "2023.09.08"]
[EventType "swiss (rapid)"]
[EventRounds "9"]
[EventCountry "IND"]
[SourceTitle "EXT 2024"]
[Source "ChessBase"]
[SourceDate "2023.10.10"]
[SourceVersion "1"]
[SourceVersionDate "2023.10.10"]
[SourceQuality "1"]

1. d4 Nf6 2. Bf4 g6 3. Nc3 Bg7 4. e4 d6 5. Qd2 0-0 6. 0-0-0 Nbd7 7. f3 Qe8 8. Bh6 e5 9. d5 Qe7 10. h4 Rd8 11. Nge2 Nb6 12. Kb1 Bd7 13. g4 Bxh6 14. Qxh6 Qf8 15. Qg5 Qg7 16. Ng3 h6 17. Qe3 Nh7 18. h5 g5 19. Bb5 Bc8 20. Nce2 a6 21. Bd3 Nf6 22. c4 Qf8 23. b3 a5 24. a4 Bd7 25. Kb2 Nc8 26. Nc3 Nb6 27. Bc2 Bc8 28. Nb5 Qe7 29. Rdg1 Re8 30. Nf5 Bxf5 31. gxf5 Nh7 32. Rh2 f6 33. Bd3 Qd8 34. Rc2 Nd7 35. Rgc1 Nc5 36. Nc3 Qd7 37. Nd1 Qf7 38. Nf2 Nf8 39. Be2 Nfd7 40. Rg1 Kh7 41. Rcc1 Nb6 42. Bd1 Rg8 43. Bc2 Nbd7 44. Rg2 Ra6 45. Ka3 Qe7 46. Rcg1 Raa8 47. Bd1 Na6 48. Nd3 Ndc5 49. Nf2 Nb4 50. Qc3 Rac8 51. Be2 Qd7 52. Ng4 Qe7 53. Nf2 c6 54. Rg4 cxd5 55. exd5 Nca6 56. Qd2 Qd7 57. Ne4 Qe7 58. Rc1 Nc5 59. Nc3 1/2-1/2

[Event "Asia-ch Rapid U20 Girls"]
[Site "Jamshedpur"]
[Date "2023.09.08"]
[Round "5"]
[White "Koul, Nihira"]
[Black "Nischala, Y."]
[Result "1/2-1/2"]
[WhiteElo "1398"]
[BlackElo "1092"]
[PlyCount "109"]
[EventDate "2023.09.08"]
[EventType "swiss (rapid)"]
[EventRounds "9"]
[EventCountry "IND"]
[SourceTitle "EXT 2024"]
[Source "ChessBase"]
[SourceDate "2023.10.10"]
[SourceVersion "1"]
[SourceVersionDate "2023.10.10"]
[SourceQuality "1"]

1. Nf3 Nf6 2. b3 g6 3. Bb2 Bg7 4. g3 0-0 5. Bg2 d5 6. 0-0 c5 7. d3 Nc6 8. Nbd2 Bd7 9. e4 dxe4 10. dxe4 Bg4 11. Qe2 Nd4 12. Bxd4 cxd4 13. Nc4 Nd7 14. Rad1 Bxf3 15. Bxf3 Ne5 16. Nxe5 Bxe5 17. Bg2 Qb6 18. Rd3 Rfd8 19. Rfd1 Rac8 20. f4 Bg7 21. e5 Rc3 22. Qf2 Rxd3 23. Rxd3 f6 24. Qe2 fxe5 25. fxe5 Bh6 26. Bf3 Qa5 27. a4 Be3+ 28. Kg2 Qxe5 29. Bxb7 Rf8 30. Bf3 Qf6 31. Rd1 e5 32. Rf1 Qe6 33. Be4 Rxf1 34. Qxf1 Qe7 35. Qc4+ Kg7 36. Qf1 Qc7 37. Qb5 Qc3 38. Qxe5+ Kh6 39. Qf6 Qc8 40. Qf3 a5 41. Qe2 Qf8 42. Qf3 Qe7 43. Bd3 Qc5 44. Qf1 Qc6+ 45. Qf3 Qc5 46. Qe4 Qc3 47. Qh4+ Kg7 48. Qe7+ Kh6 49. Qh4+ Kg7 50. Qg4 Qd2+ 51. Qe2 Qc3 52. Bc4 Qb4 53. Qd3 Qb7+ 54. Kh3 Qd7+ 55. Kg2 1/2-1/2

[Event "Kolhapur Kulkarni Memorial"]
[Site "Kolhapur"]
[Date "2021.12.04"]
[Round "1"]
[White "Koul, Nihira"]
[Black "Bhosale, Shriraj"]
[Result "0-1"]
[WhiteElo "1027"]
[BlackElo "1872"]
[PlyCount "154"]
[EventDate "2021.12.04"]
[EventType "swiss"]
[EventRounds "10"]
[EventCountry "IND"]
[SourceTitle "EXT 2023"]
[Source "ChessBase"]
[SourceDate "2022.10.05"]
[SourceVersion "1"]
[SourceVersionDate "2022.10.05"]
[SourceQuality "1"]

1. Nf3 d5 2. g3 Nf6 3. Bg2 e6 4. 0-0 Be7 5. d3 0-0 6. Nbd2 b6 7. c4 Bb7 8. b3 c5 9. e3 Nc6 10. Bb2 Qc7 11. d4 Rad8 12. Qe2 Ne4 13. Rac1 f5 14. cxd5 exd5 15. a3 Bf6 16. Rc2 Qc8 17. Rfc1 Ba6 18. Qe1 Bd3 19. dxc5 Bxc2 20. Bxf6 Rxf6 21. Rxc2 bxc5 22. Nxe4 dxe4 23. Nd2 Ne5 24. Nc4 Nxc4 25. Rxc4 Rfd6 26. Qa5 Rd1+ 27. Bf1 R8d5 28. Qxa7 Re1 29. Qe7 Qd7 30. Qxd7 Rxd7 31. Kg2 Rdd1 32. Rxc5 Rxf1 33. Rxf5 Rg1+ 34. Kh3 Ra1 35. a4 Ra3 36. Re5 Ra2 37. Rxe4 Rxf2 38. b4 Ra2 39. a5 Rb1 40. Rc4 Ra4 41. Rc8+ Kf7 42. Rc7+ Kg6 43. Rc6+ Kg5 44. Rc7 Kh6 45. Rc6+ g6 46. a6 Rbxb4 47. Kg2 Ra2+ 48. Kf3 Rba4 49. h4 Rxa6 50. Rc7 Ra7 51. Rc5 Rf7+ 52. Kg4 Ra4+ 53. Kh3 Re4 54. Rc3 Rf3 55. Rc5 Rexe3 56. Rg5 Kg7 57. Kg2 h6 58. Rg4 h5 59. Rb4 Rxg3+ 60. Kf2 Ref3+ 61. Ke2 Rg4 62. Rb7+ Rf7 63. Rb3 Rxh4 64. Rb5 Rg4 65. Ke3 h4 66. Rb2 h3 67. Rh2 Rh4 68. Kd3 g5 69. Ke3 g4 70. Ke2 g3 71. Rh1 g2 72. Rg1 Rg4 73. Ke1 h2 74. Rh1 gxh1Q+ 75. Ke2 Qf3+ 76. Kd2 Rg2+ 77. Kc1 Qf1# 0-1